Educación de padres

Uloženo v:
Podrobná bibliografie
Hlavní autoři: Acevedo Fagalde, María Cecilia (Autor), Oyaneder Fernández, Myriam (Autor)
Médium: Kniha
Jazyk:španělština
Vydáno: Santiago CPEIP 1993
Témata:
Tagy: Přidat tag
Žádné tagy, Buďte první, kdo vytvoří štítek k tomuto záznamu!

MARC

LEADER 00000nam a2200000 a 4500
001 UCO3339
003 CL-VaPUC
008 000720e19930000CL |||||||||||||||||spa|d
082 0 4 |a 374.01  |b ACE  |2 21 
100 0 |a Acevedo Fagalde, María Cecilia  |e author  |9 447429 
700 0 |a Oyaneder Fernández, Myriam  |e author  |9 447430 
245 1 0 |a Educación de padres 
300 |a 167 p 
942 |c BK 
945 |d 20000720 00:00:00  |a rbrito 
260 |a Santiago  |b CPEIP  |c 1993 
650 0 |a Educación de adultos  |9 307580 
650 0 |a Formación profesional de profesores  |9 307493 
650 0 |a Educación a distancia   |9 308343 
650 7 |a EDUCACION DE LOS PADRES  |2 CL-VaPUC  |9 338423 
583 |a last modification  |c 20190618 11:32:45  |k Rodrigo Vera 
999 |c 289798  |d 289796 
952 |0 0  |1 0  |4 0  |6 374_010000000000000_ACE_1993  |7 0  |8 A  |9 338539  |a BIBEDU  |b BIBEDU  |d 2019-11-20  |i 3630277  |o 374.01 ACE 1993  |p 3630277  |r 2019-11-20  |w 2019-11-20  |y BK  |k EPE